Statistiche per Squadre che hanno vinto la Serie A solo una volta

Clicka qui per fare il quiz!

Statistiche generali

  • Questo quiz è stato fatto 11 volte
  • Il punteggio medio è 4 su 5

Statistiche sulle risposte

RegioneSquadra% Corretto
SardegnaCagliari
100%
LiguriaSampdoria
91%
VenetoHellas Verona
82%
PiemonteCasale
64%
PiemonteNovese
45%

Distribuzione punteggi

Percentile per numero di risposta

Percentuale di utenti per punteggio

I tuoi punteggi nel tempo

Non hai fatto questo quiz